Visión de la ENDESA: ciclo de charlas sobre la ENDESA al cumplir 40 años electrificando el país

Guardat en:
Dades bibliogràfiques
Autor corporatiu: Asociación de Ingenieros de ENDESA (Autor)
Format: Llibre
Idioma:espanyol
Publicat: Santiago ENDESA 1984
Matèries:
Etiquetes: Afegir etiqueta
Sense etiquetes, Sigues el primer a etiquetar aquest registre!

MARC

LEADER 00000nam a2200000 a 4500
001 UCU3972
003 CL-VaPUC
008 960517e19840000cl |||||||||||||||||spa|d
082 0 4 |a 621.3  |b ASO  |2 21 
110 2 |a Asociación de Ingenieros de ENDESA  |e author  |9 361246 
245 1 0 |a Visión de la ENDESA: ciclo de charlas sobre la ENDESA al cumplir 40 años electrificando el país 
300 |a 377 p 
942 |c BK 
945 |d 19960517 00:00:00  |a cmena 
260 |a Santiago  |b ENDESA  |c 1984 
600 0 7 |a ENDESA  |2 CL-VaPUC  |9 361247 
650 0 |a Electricidad  |9 260222 
650 0 |a Industria eléctrica  |9 353482 
650 7 |a TECNOLOGIA ELECTRICA  |2 CL-VaPUC  |9 336952 
650 7 |a INGENIEROS ELECTRICISTAS  |2 CL-VaPUC  |9 361248 
650 7 |a CENTRALES HIDROELECTRICAS  |2 CL-VaPUC  |9 263331 
650 7 |a PRESAS  |2 CL-VaPUC  |9 326073 
650 0 |a Energía hidroeléctrica  |9 361182 
651 7 |a CHILE  |2 CL-VaPUC  |9 361249 
583 |a last modification  |c 20171010 03:26:22  |k Rodrigo Vera 
999 |c 247814  |d 247812 
952 |0 0  |1 0  |4 0  |6 621_300000000000000_ASO_1984  |7 0  |8 A  |9 263991  |a BIBING  |b BIBING  |d 2019-11-19  |i 1660470  |o 621.3 ASO 1984  |p 1660470  |r 2025-01-20  |w 2019-11-19  |y BK  |k ING 
952 |0 0  |1 0  |4 0  |6 621_300000000000000_ASO_1984  |7 0  |8 A  |9 263992  |a BIBING  |b BIBING  |d 2019-11-19  |i 1660489  |o 621.3 ASO 1984  |p 1660489  |r 2025-01-20  |w 2019-11-19  |y BK  |k ING